000 00768cam a2200277I 4500
001 4983268
003 ARRUPE
005 20160209095235.0
008 940614s19uu sa 000 0 eng
010 _a 45018448
035 _a(OCoLC)ocm30601323
035 _a(NNC)4983268
040 _aDLC
_cNDD
_dOCL
_dVYN
050 _aSPC PM7895.F3
092 _a496
_bL793k
099 _a0074
100 1 _aLloyd, B. G.
_921906
245 1 0 _aKitchen-Kafir grammar & vocabulary.
_cby B.G. Lloyd.
250 _a7th edition
260 _aCape Town
_bCentral News Agency, Ltd.
_c[1944?]
300 _a48 p.
_c17 cm.
650 0 _aKafir language (Bantu)
_vGlossaries
_921907
650 0 _aKafir language (Bantu)
_xGrammar.
_921908
942 _2lcc
_cSPC
999 _c124073
_d124073